Jednotka určení SOS Díl první

Bibliographic Details
Main Author: Lášek, Radan (Author)
Format: Book
Language:Czech
PhysicalDescription:302 s. ilustr., mp., portréty, faksim. 21 cm
Published: Praha Codyprint 2008
ISBN:9788090296473
Edition:2. vyd.
Subjects:

MARC

LEADER 00000nam a2200000 a 4500
001 vtls010024461
003 SK-MaSNL
005 20260504123113.0
008 180730s2008 xr habc n 000 0 cze
015 |a SNBZSA2011-00023 
020 |a 9788090296473  |q (brož.) 
035 |a 85D15645-DE6A-46D0-AA18-D48C9C3DAE9A 
035 |a urn:nbn:sk:snk-amlbbn 
035 |a urn:nbn:sk:snk-am0091uf 
040 |a SNK  |b slo  |c SNK  |e AACR2 
041 0 |a cze 
043 |a e-cs--- 
044 |a xr  |c CZ 
072 7 |a 355/359  |x Vojenstvo. Obrana krajiny. Ozbrojené sily  |2 konspekt 
080 |a 355.02  |x (437)  |x (093)  |2 2001 
080 |a 355.1  |2 2001 
080 |a 355.457  |2 2001 
080 |a 94(437)  |2 2001 
100 1 |a Lášek, Radan  |4 aut  |9 410072 
245 1 0 |a Jednotka určení SOS  |n Díl první  |c Radan Lášek 
250 |a 2. vyd. 
260 |a Praha  |b Codyprint  |c 2008 
300 |a 302 s.  |b ilustr., mp., portréty, faksim.  |c 21 cm 
500 |a 2000 výt. 
504 |a Bibliogr. 
610 1 7 |a Československo.  |b Stráž obrany štátu  |2 SNKKA  |9 132085 
630 0 7 |a Mníchovská dohoda (1938 september 30.)  |2 SNKPH  |9 4452 
648 7 |a 1937-1939  |2 SNK  |9 311332 
650 0 7 |a ozbrojené sily  |2 SNKPH  |9 1644 
650 0 7 |a obrana štátu  |2 SNKPH  |9 15422 
650 0 7 |a ochrana štátnych hraníc  |2 snkph  |9 59216 
650 0 7 |a vojenské posádky  |2 SNKPH  |9 50042 
650 0 7 |a spomienky  |2 snkph  |9 55795 
651 7 |a Československo  |x dejiny  |2 SNKPH  |9 161432 
655 7 |a dokumenty  |2 snkph  |9 70482 
655 7 |a zborníky  |2 snkph  |9 70165 
919 |a 978-80-90296-47-3 
958 |a ZS 
958 |a CZ 
958 |a NB 
958 |a OND 
999 |c 660307  |d 662237 
952 |a SNK  |b SNK  |y PREZ  |7 0  |p 17A0641910  |o snkSC 138629/1  |i snk2010/979  |8 4  |g 8.93  |0 0  |1 0  |4 0  |d 2009-11-24  |f 1  |l 0  |r 2017-06-30 00:00:00  |w 2026-02-23